World of inventors : (Record no. 6776)

MARC details
000 -LEADER
fixed length control field 01287nam a22002417a 4500
001 - CONTROL NUMBER
control field 6776
003 - CONTROL NUMBER IDENTIFIER
control field FISKH
005 - DATE AND TIME OF LATEST TRANSACTION
control field 20250527124221.0
008 - FIXED-LENGTH DATA ELEMENTS--GENERAL INFORMATION
fixed length control field 250527b cb ||||| |||| 00| 0 eng d
020 ## - INTERNATIONAL STANDARD BOOK NUMBER
International Standard Book Number 9781592238927
040 ## - CATALOGING SOURCE
Original cataloging agency FISKH
Language of cataloging eng
Transcribing agency FISKH
Modifying agency FISKH
050 ## - LIBRARY OF CONGRESS CALL NUMBER
Classification number TK6143.B4
082 ## - DEWEY DECIMAL CLASSIFICATION NUMBER
Classification number 621.385092
100 ## - MAIN ENTRY--PERSONAL NAME
Personal name Honovich, Nancy
245 ## - TITLE STATEMENT
Title World of inventors :
Remainder of title Alexander Graham Bell /
Statement of responsibility, etc. By Nancy Honovich
260 ## - PUBLICATION, DISTRIBUTION, ETC.
Place of publication, distribution, etc. California :
Name of publisher, distributor, etc. Silver Dolphins ,
Date of publication, distribution, etc. 2008.
300 ## - PHYSICAL DESCRIPTION
Extent 40 pages :
Other physical details color illustrations ;
Dimensions 31 cm .
520 ## - SUMMARY, ETC.
Summary, etc. Can you hear me now? These days we take for granted the accessibility of the cell phone and how easy it is to talk to someone on the other side of the world. Alexander Graham Bell spent his life trying to devise new and better ways for people to communicate, first as a teacher for the deaf, and later as an inventor of many important devices, most notably the telephone. Young readers will be enthralled by World of Inventors: Alexander Graham Bell, which chronicles Bell's life and some of his amazing inventions. Inspired, kids can then build their own intercom system based on one of Bell's designs.
650 ## - SUBJECT ADDED ENTRY--TOPICAL TERM
Topical term or geographic name entry element American history
Form subdivision Non-fiction
700 ## - ADDED ENTRY--PERSONAL NAME
Personal name Dawson, Scott
Relator term Illustrator
942 ## - ADDED ENTRY ELEMENTS (KOHA)
Source of classification or shelving scheme Dewey Decimal Classification
Koha item type Books
Suppress in OPAC No
Holdings
Withdrawn status Lost status Source of classification or shelving scheme Damaged status Not for loan Collection Home library Current library Shelving location Date acquired Total Checkouts Full call number Barcode Date last seen Copy number Price effective from Koha item type
    Dewey Decimal Classification     Non-Fiction Footprints International School Library Network Toul Kork Campus Footprints International School Library Network Toul Kork Campus TTP Secondary Non-Fiction Bookshelves 09/30/2025   HON 621.385092 TK6143.B4 2025-4441 09/30/2025 5 09/30/2025 Books
    Dewey Decimal Classification     Non-Fiction Footprints International School Library Network Toul Tom Poung Campus Footprints International School Library Network Toul Tom Poung Campus TTP Secondary Non-Fiction Bookshelves 05/27/2025   HON 621.385092 TK6143.B4 2025-1408 05/27/2025 1 05/27/2025 Books
    Dewey Decimal Classification     Non-Fiction Footprints International School Library Network Toul Tom Poung Campus Footprints International School Library Network Toul Tom Poung Campus TTP Secondary Non-Fiction Bookshelves 05/27/2025   HON 621.385092 TK6143.B4 2025-1409 05/27/2025 2 05/27/2025 Books
    Dewey Decimal Classification     Non-Fiction Footprints International School Library Network Toul Tom Poung Campus Footprints International School Library Network Toul Tom Poung Campus TTP Secondary Non-Fiction Bookshelves 05/27/2025   HON 621.385092 TK6143.B4 2025-1410 05/27/2025 3 05/27/2025 Books
    Dewey Decimal Classification     Non-Fiction Footprints International School Library Network Toul Tom Poung Campus Footprints International School Library Network Toul Tom Poung Campus TTP Secondary Non-Fiction Bookshelves 05/27/2025   HON 621.385092 TK6143.B4 2025-1411 05/27/2025 4 05/27/2025 Books